Classifica Marcatori Bayern Monaco All-Time - Statistics

Statistiche generali
  • Questo quiz è stato fatto 56 volte
  • Il punteggio medio è 4 su 10
Statistiche sulle risposte
Gol Nazione Calciatore % Corretto
568 Germania Gerd Müller
100%
344 Polonia Robert Lewandowski
100%
239 Germania Thomas Müller
100%
144 Paesi Bassi Arjen Robben
65%
217 Germania Karl-Heinz Rummenigge
40%
139 Brasile Giovane Élber
19%
145 Germania Dieter Hoeneß
6%
137 Germania Dieter Brenninger
2%
223 Germania Rainer Ohlhauser
2%
156 Germania Roland Wohlfarth
2%
Nessun quiz corrispondente trovato
Distribuzione punteggi
Percentuale di utenti per punteggio
Percentile per numero di risposta
I tuoi punteggi nel tempo
Non hai fatto questo quiz